[Event "SWE-chT 1213"]
[Site "Sweden"]
[Date "2012.10.05"]
[Round "1"]
[White "Smith, Axel"]
[Black "Forsberg, Viktor"]
[Result "1-0"]
[WhiteElo "2484"]
[BlackElo "2241"]
[PlyCount "121"]
[EventDate "2012.10.05"]
[EventType "team-tourn"]
[EventRounds "9"]
[EventCountry "SWE"]
[SourceTitle "EXT 2014"]
[Source "ChessBase"]
[SourceDate "2013.11.20"]
[SourceVersion "1"]
[SourceVersionDate "2013.11.20"]
[SourceQuality "1"]
[WhiteTeam "LASK"]
[BlackTeam "Umea Rockaden"]
[WhiteTeamCountry "SWE"]
[BlackTeamCountry "SWE"]

1. c4 g6 2. d4 Nf6 3. g3 Bg7 4. Bg2 0-0 5. Nc3 d6 6. Nf3 Nc6 7. 0-0 a6 8. h3 Bd7 9. e4 e5 10. dxe5 Nxe5 11. c5 Nxf3+ 12. Qxf3 dxc5 13. e5 Bc6 14. exf6 Bxf3 15. fxg7 Kxg7 16. Bxf3 Qf6 17. Bxb7 Rad8 18. Bg2 Rd4 19. Be3 Re8 20. Rac1 Qb6 21. Rc2 Rxe3 22. fxe3 Rd3 23. Re2 Qe6 24. Rfe1 Qe5 25. g4 h5 26. gxh5 Qxh5 27. Ne4 Rd1 28. Kf1 Qf5+ 29. Rf2 Rxe1+ 30. Kxe1 Qe5 31. Re2 f5 32. Nc3 g5 33. Kd1 Kh6 34. Kc2 Kh5 35. Bb7 Kh4 36. Bxa6 Kxh3 37. Bb7 g4 38. a4 c4 39. Bd5 c6 40. Bxc6 g3 41. Bf3 Kh4 42. Bd5 Qc7 43. Re1 Qc5 44. Bf3 Qb6 45. Kb1 Kg5 46. Nd5 Qa5 47. Rg1 Kh4 48. Ne7 g2 49. Rxg2 c3 50. bxc3 Qxc3 51. Nxf5+ Kh3 52. Rg3+ Kh2 53. Bg4 Qb3+ 54. Kc1 Qc3+ 55. Kd1 Qc4 56. a5 Qa2 57. Ke1 Qxa5+ 58. Kf2 Qa2+ 59. Be2 Qf7 60. Rg2+ Kh1 61. Rg5 1-0

[Event "SWE-chT 1112"]
[Site "Sweden"]
[Date "2012.02.04"]
[Round "5"]
[White "Berg, Emanuel"]
[Black "Forsberg, Viktor"]
[Result "1-0"]
[WhiteElo "2575"]
[BlackElo "2227"]
[PlyCount "91"]
[EventDate "2011.10.07"]
[EventType "team-tourn"]
[EventRounds "9"]
[EventCountry "SWE"]
[SourceTitle "EXT 2013"]
[Source "ChessBase"]
[SourceDate "2012.11.22"]
[SourceVersion "1"]
[SourceVersionDate "2012.11.22"]
[SourceQuality "1"]
[WhiteTeam "Viking"]
[BlackTeam "Umea Rockaden"]
[WhiteTeamCountry "SWE"]
[BlackTeamCountry "SWE"]

1. e4 e5 2. Nf3 Nc6 3. Bb5 a6 4. Ba4 Nf6 5. 0-0 Be7 6. Re1 b5 7. Bb3 d6 8. c3 0-0 9. h3 Na5 10. Bc2 c5 11. d4 Nd7 12. Nbd2 exd4 13. cxd4 Nc6 14. d5 Nce5 15. Nxe5 Nxe5 16. a4 Rb8 17. f4 Ng6 18. Nf3 Bh4 19. Rf1 Bg3 20. f5 Ne5 21. Ng5 Nd7 22. Nxh7 Kxh7 23. f6 g6 24. Qd2 Nxf6 25. Qh6+ Kg8 26. Bg5 Be5 27. Ra3 Rb7 28. Qh4 Kg7 29. Qh6+ Kg8 30. Qh4 Kg7 31. Bh6+ Kg8 32. Bg5 Kg7 33. axb5 axb5 34. Bh6+ Kg8 35. Bg5 Kg7 36. Qh6+ Kg8 37. Qh4 Kg7 38. Qh6+ Kg8 39. Raf3 Ng4 40. hxg4 f6 41. Bxf6 Bxf6 42. e5 Rh7 43. Qxg6+ Rg7 44. Qh6 Bxe5 45. Rxf8+ Qxf8 46. Bh7+ 1-0

[Event "SWE-chT 1112"]
[Site "Sweden"]
[Date "2012.01.15"]
[Round "6"]
[White "Blomqvist, Erik"]
[Black "Forsberg, Viktor"]
[Result "1-0"]
[WhiteElo "2469"]
[BlackElo "2227"]
[PlyCount "75"]
[EventDate "2011.10.07"]
[EventType "team-tourn"]
[EventRounds "9"]
[EventCountry "SWE"]
[SourceTitle "EXT 2013"]
[Source "ChessBase"]
[SourceDate "2012.11.22"]
[SourceVersion "1"]
[SourceVersionDate "2012.11.22"]
[SourceQuality "1"]
[WhiteTeam "Umea Rockaden"]
[BlackTeam "Umea Rockaden"]
[WhiteTeamCountry "SWE"]
[BlackTeamCountry "SWE"]

1. Nf3 Nf6 2. c4 g6 3. g3 Bg7 4. Bg2 0-0 5. 0-0 d6 6. d4 Nbd7 7. Nc3 e5 8. e4 c6 9. h3 Qa5 10. Be3 exd4 11. Nxd4 Ne5 12. Qe2 c5 13. Ndb5 Be6 14. Nd5 Bxd5 15. exd5 Ne8 16. Bd2 Qd8 17. a4 a6 18. Nc3 f5 19. f4 Nd7 20. g4 Bd4+ 21. Kh2 Ng7 22. g5 Re8 23. Qd3 h6 24. h4 hxg5 25. hxg5 Kf7 26. Bf3 Rh8+ 27. Kg2 Ne8 28. Ne2 Bg7 29. Ng3 Nc7 30. Rh1 Rxh1 31. Rxh1 Nf8 32. Bc3 Bxc3 33. Qxc3 Ne8 34. Nxf5 gxf5 35. Bh5+ Kg8 36. Bxe8 Qxe8 37. Rh8+ Kf7 38. Qf6# 1-0

[Event "SWE-chT 1112"]
[Site "Sweden"]
[Date "2011.10.09"]
[Round "3"]
[White "Forsberg, Viktor"]
[Black "Johansson, Gunnar"]
[Result "1-0"]
[WhiteElo "2227"]
[BlackElo "2232"]
[PlyCount "75"]
[EventDate "2011.10.07"]
[EventType "team-tourn"]
[EventRounds "9"]
[EventCountry "SWE"]
[SourceTitle "EXT 2012"]
[Source "ChessBase"]
[SourceDate "2011.11.24"]
[SourceVersion "1"]
[SourceVersionDate "2011.11.24"]
[SourceQuality "1"]
[WhiteTeam "Umea Rockaden"]
[BlackTeam "Solna"]
[WhiteTeamCountry "SWE"]
[BlackTeamCountry "SWE"]

1. e4 c5 2. Nf3 Nc6 3. Nc3 e6 4. d4 cxd4 5. Nxd4 Qc7 6. Be3 a6 7. Qd2 Nf6 8. f3 Ne5 9. 0-0-0 b5 10. Kb1 Bb7 11. g4 b4 12. Na4 d5 13. g5 Nfd7 14. f4 Nc4 15. Bxc4 dxc4 16. f5 c3 17. Qf2 exf5 18. Nxf5 Qc6 19. b3 g6 20. Bd4 f6 21. gxf6 Kf7 22. Rhe1 gxf5 23. Qxf5 h5 24. Rg1 Rh6 25. Be3 Rxf6 26. Qxh5+ Ke7 27. Bg5 Rd8 28. Nc5 Nxc5 29. e5 Rxd1+ 30. Rxd1 Ne4 31. Qh7+ Ke8 32. Bxf6 Nd2+ 33. Rxd2 cxd2 34. Qg6+ Kd7 35. Qf7+ Kc8 36. Qxf8+ Kd7 37. Qe7+ Kc8 38. Qd8# 1-0

[Event "SWE-chT 1112"]
[Site "Sweden"]
[Date "2011.10.08"]
[Round "2"]
[White "Forsberg, Viktor"]
[Black "Vas, Peter1"]
[Result "1/2-1/2"]
[WhiteElo "2227"]
[BlackElo "2333"]
[PlyCount "84"]
[EventDate "2011.10.07"]
[EventType "team-tourn"]
[EventRounds "9"]
[EventCountry "SWE"]
[SourceTitle "EXT 2012"]
[Source "ChessBase"]
[SourceDate "2011.11.24"]
[SourceVersion "1"]
[SourceVersionDate "2011.11.24"]
[SourceQuality "1"]
[WhiteTeam "Umea Rockaden"]
[BlackTeam "Manhem"]
[WhiteTeamCountry "SWE"]
[BlackTeamCountry "SWE"]

1. Nf3 d5 2. g3 Nf6 3. Bg2 e6 4. 0-0 Be7 5. d3 0-0 6. Nbd2 c5 7. e4 Nc6 8. Re1 b5 9. exd5 exd5 10. d4 Qb6 11. a4 bxa4 12. Rxa4 Bd7 13. Ra1 cxd4 14. Nb3 Bc5 15. Nxc5 Qxc5 16. b3 Rfe8 17. Rxe8+ Rxe8 18. Bb2 Bg4 19. Bxd4 Nxd4 20. Qxd4 Qxc2 21. Ne5 Be6 22. b4 Qc7 23. Rxa7 Qc1+ 24. Bf1 Ne4 25. Ra1 Qd2 26. Qxd2 Nxd2 27. Bg2 f6 28. Nc6 Nc4 29. Re1 Kf7 30. Nd4 Nb6 31. Rc1 Rc8 32. Rxc8 Bxc8 33. f4 Ke7 34. Kf2 Bd7 35. Ke3 Nc4+ 36. Kd3 Kd6 37. Bf3 g5 38. Bh5 Nb2+ 39. Kc3 Nc4 40. Kd3 Nb2+ 41. Kc3 Nc4 42. Kd3 Nb2+ 1/2-1/2

[Event "SWE-chT2 1011"]
[Site "Sweden"]
[Date "2011.03.11"]
[Round "7"]
[White "Forsberg, Viktor"]
[Black "Forsberg, Timmy"]
[Result "1/2-1/2"]
[WhiteElo "2255"]
[BlackElo "1891"]
[PlyCount "35"]
[EventDate "2010.10.23"]
[EventType "team-tourn"]
[EventRounds "9"]
[EventCountry "SWE"]
[SourceTitle "EXT 2012"]
[Source "ChessBase"]
[SourceDate "2011.11.24"]
[SourceVersion "1"]
[SourceVersionDate "2011.11.24"]
[SourceQuality "1"]
[WhiteTeam "Umea Rockaden"]
[BlackTeam "Mark"]
[WhiteTeamCountry "SWE"]
[BlackTeamCountry "SWE"]

1. Nf3 d5 2. c4 dxc4 3. e3 Nf6 4. Bxc4 e6 5. d4 c5 6. 0-0 a6 7. Bb3 Nbd7 8. Nc3 b5 9. dxc5 Bxc5 10. Qe2 Bb7 11. a3 Qb8 12. e4 0-0 13. Bg5 h6 14. Bh4 Nh5 15. Rad1 Ne5 16. Ne1 Nf4 17. Qc2 Rc8 18. Bg3 1/2-1/2

[Event "Rilton Cup 40th"]
[Site "Stockholm"]
[Date "2011.01.05"]
[Round "9"]
[White "Forsberg, Viktor"]
[Black "Olund, Joar"]
[Result "1-0"]
[WhiteElo "2255"]
[BlackElo "2035"]
[PlyCount "73"]
[EventDate "2010.12.27"]
[EventType "swiss"]
[EventRounds "9"]
[EventCountry "SWE"]
[SourceTitle "CBM 140 Extra"]
[Source "ChessBase"]
[SourceDate "2011.03.01"]
[SourceVersion "1"]
[SourceVersionDate "2011.03.01"]
[SourceQuality "1"]

1. e4 g6 2. d4 Bg7 3. Nf3 d6 4. Bc4 Nf6 5. Qe2 0-0 6. 0-0 Nc6 7. e5 Nd7 8. e6 fxe6 9. Bxe6+ Kh8 10. c3 Nde5 11. Ng5 h6 12. dxe5 hxg5 13. Bxc8 Rxc8 14. Bxg5 Nxe5 15. f4 Nf7 16. Bxe7 Re8 17. Re1 Qd7 18. Nd2 c5 19. Qf2 Qf5 20. Nc4 d5 21. Ne3 Qd7 22. Qh4+ Kg8 23. Ng4 d4 24. Bf6 d3 25. Bxg7 Kxg7 26. Rxe8 Rxe8 27. Nf6 Qe7 28. Nxe8+ Qxe8 29. Qe1 Qd7 30. Qe4 b5 31. b3 Qf5 32. Qxf5 gxf5 33. c4 bxc4 34. bxc4 Nd6 35. Rd1 Nxc4 36. Rxd3 Nb6 37. Ra3 1-0

[Event "Rilton Cup 40th"]
[Site "Stockholm"]
[Date "2011.01.04"]
[Round "8"]
[White "Markevich, Ilya"]
[Black "Forsberg, Viktor"]
[Result "1/2-1/2"]
[WhiteElo "2175"]
[BlackElo "2255"]
[PlyCount "147"]
[EventDate "2010.12.27"]
[EventType "swiss"]
[EventRounds "9"]
[EventCountry "SWE"]
[SourceTitle "CBM 140 Extra"]
[Source "ChessBase"]
[SourceDate "2011.03.01"]
[SourceVersion "1"]
[SourceVersionDate "2011.03.01"]
[SourceQuality "1"]

1. e4 c5 2. Nf3 e6 3. Nc3 a6 4. d4 cxd4 5. Nxd4 Qc7 6. g3 Bb4 7. Bd2 Nf6 8. Bg2 Be7 9. 0-0 Nc6 10. Be3 Na5 11. e5 Qxe5 12. Bf4 Qc5 13. Na4 Qa7 14. Bc7 Nc6 15. Nb6 Rb8 16. Nxc6 bxc6 17. Bxb8 Qxb8 18. Nxc8 Qxc8 19. c4 Qc7 20. a3 c5 21. Qf3 0-0 22. Rfd1 Rb8 23. Rab1 a5 24. h3 h5 25. Qd3 Rb6 26. Rd2 Rd6 27. Qc2 Rxd2 28. Qxd2 Bd6 29. Rd1 Be5 30. b4 cxb4 31. axb4 axb4 32. Qxb4 h4 33. g4 d6 34. Qb5 g5 35. Rb1 Kg7 36. Bf3 Nd7 37. Qc6 Qxc6 38. Bxc6 Nc5 39. Rd1 Kf6 40. Kg2 Ke7 41. Bf3 Bf4 42. Ra1 Nd3 43. Be2 Ne5 44. Ra7+ Kd8 45. Kg1 Bd2 46. Bf1 Bb4 47. Be2 Bc5 48. Ra2 Ke7 49. Rb2 Kf6 50. Rb3 Ng6 51. Rf3+ Nf4 52. Bf1 Ke5 53. Rb3 f6 54. Rb1 Ke4 55. Rc1 f5 56. Rc3 fxg4 57. hxg4 Ng6 58. Kg2 Kf4 59. Be2 Ne5 60. f3 Nc6 61. Bd3 Nd4 62. Be4 Ke5 63. Rd3 Ne2 64. Rd2 Nf4+ 65. Kh2 Be3 66. Rd1 d5 67. cxd5 exd5 68. Bf5 d4 69. Be4 Kd6 70. Rb1 Kc5 71. Rb7 d3 72. Rd7 d2 73. Bc2 Kc4 74. Bd1 1/2-1/2